| 000 | 00703nam a2200253 a 4500 | ||
|---|---|---|---|
| 005 | 20210223123858.0 | ||
| 008 | 991125n 000 0 spa u | ||
| 035 | _aUPN01000076399 | ||
| 100 |
_aSIMONS, Helen _938053 |
||
| 222 | _aREVISTA DE EDUCACION | ||
| 245 | _aEl enfoque de estudio de casos en el proyecto sobre la enseñanza de ciencias, matemáticas y tecnología (SMTE) de la OCDE | ||
| 260 | _aEspaña | ||
| 300 | _a173-185 | ||
| 362 | _a1996 No. 310, may.-ago. | ||
| 653 | 0 | _aCIENCIAS | |
| 653 | 0 | _aENSEÑANZA | |
| 653 | 0 | _aMATEMATICA | |
| 653 | 0 | _aOCDE | |
| 653 | 0 | _aSMTE | |
| 653 | 0 | _aTECNOLOGIA | |
| 700 | _aCARRION, A., tr. | ||
| 904 |
_aAC _b014210 |
||
| 905 | _aArticulo | ||
| 999 |
_c67763 _d67763 |
||